LEADER 02595nam2 2200409 i 450 001 BVEE064590 005 20170908093232.0 012 $at,ui r:n- t*s. peNE (3) 1596 (R)$2fei$9Vol. 2 tæs. 100 $a20120605d1596 ||||0itac50 ba 101 | $alat 102 $ade 181 1$6z01$ai $bxxxe 182 1$6z01$an 200 1 $a˜2: Q. Horatii Flacci œSermonum, seu satyrarum, seu eclogarum libri duo: epistolarum libri totidem. A Dionysio Lambino Monstroliensis ex fide & authoritate compllurium librorum manuscriptorum emendati, & commentariis copiosissimi explicati: ... Pars altera 210 $aFrancofurti$capud Andreae Wecheli heredes, Claudium Marnium, & Ioann. Aubrium$d1596$e°Francoforte sul Meno$gAndreas Wechel Erben! 215 $a550, °2! p 300 $aMarca di A. Wechel (F01097) in fine 300 $aSegn.: 2a-2z⁴ 2A-3Z⁴. 316 $a1 esemplare rilegato con la prima parte$5IT-NA0070, Z.B. 0546 02 461 1$1001BVEE021043$12001 $a˜Dionysii Lambini Monstroliensis ... œIn Q. Horatium Flaccum ex fide atque auctoritate complurium librorum manuscriptorum à se emendatum, & cum diuersis exemplaribus antiquis comparatum, commentariisque copiosissimis explicatum, ...$v2 620 $aDE$dFrancoforte sul Meno$3TSAL001123 700 1$aHoratius Flaccus$b, Quintus$3CFIV000246$4070$075513 790 0$aOrazio$3CFIV000247$zHoratius Flaccus, Quintus 790 1$aOrazio Flacco$b, Quinto$3CFIV010717$zHoratius Flaccus, Quintus 790 0$aHorace$3CFIV012150$zHoratius Flaccus, Quintus 790 1$aOrazio Flacco$b, Q.$3CFIV137964$zHoratius Flaccus, Quintus 790 1$aHoratius$b, Q.$3CFIV167021$zHoratius Flaccus, Quintus 790 0$aHoratius$3CFIV228341$zHoratius Flaccus, Quintus 790 1$aFlacco$b, Orazio Q.$3SBNV029084$zHoratius Flaccus, Quintus 801 3$aIT$bIT-NA0079$c20120605 850 $aIT-NA0070 912 $aBVEE064590 921 $aBVEM000597$bPegaso sovrasta un caduceo sorretto da mani che escono dalle nuvole e cornucopie che si intrecciano. Iniziali AW ai lati.$cF1097$dIn fine 950 2$aBiblioteca Universitaria$b1 esemplare$d BUZ.B. 0546 02$e BUSI 0000236595 B 1 esemplare rilegato con la prima parte$fZ $h20120605$i20120605 977 $a BU 996 $aSermonum, seu satyrarum, seu eclogarum libri duo: epistolarum libri totidem. A Dionysio Lambino Monstroliensis ex fide & authoritate compllurium librorum manuscriptorum emendati, & commentariis copiosissimi explicati: ... Pars altera$91482527 997 $aUNISANNIO LEADER 01163nam--2200361---450- 001 990001298920203316 005 20031203153005.0 035 $a000129892 035 $aUSA01000129892 035 $a(ALEPH)000129892USA01 035 $a000129892 100 $a20031203f1983----km-y0itay0103----ba 101 0 $aita 102 $aIT 105 $a||||||||001yy 200 1 $aFerdinando Galiani e il vero e il falso Onofrio Galeota tra bizzarrie vesuviane e catastrofi calabresi$fAugusto Placanica 210 $a[S.l.]$c[Capone]$d[1983] 215 $aP. 49-79$d21 cm. 300 $aEstratto da: Studi storici meridionali, 3 (1983), n.1-2 410 0$12001 454 1$12001 461 1$1001-------$12001 676 $a945.781 700 1$aPLACANICA,$bAugusto$032646 801 0$aIT$bsalbc$gISBD 912 $a990001298920203316 951 $aIII D Misc. 23$b2455 L.M.$cIII D Misc. 959 $aBK 969 $aUMA 979 $aSIAV4$b10$c20031203$lUSA01$h1530 979 $aPATRY$b90$c20040406$lUSA01$h1732 996 $aFerdinando Galiani e il vero e il falso Onofrio Galeota tra bizzarrie vesuviane e catastrofi calabresi$9929591 997 $aUNISA